| 000 | 00772nam a2200229 u 4500 | ||
|---|---|---|---|
| 005 | 20240524063644.0 | ||
| 008 | 150224s2006 es r 000 0 spa d | ||
| 020 | _a8426135374 | ||
| 035 | _aUPN01000202066 | ||
| 049 | _aI | ||
| 050 | 4 |
_aPZ76.3 _bD6.24 |
|
| 100 | 1 |
_aDoyle, Malachy, _d1954- _933033 |
|
| 245 | 1 | 3 |
_aEl baile del tigre / _cMalachy Doyle ; il. Steve Johnson y Lou Fancher ; tr. Manel Manzano y Teresa Farran. |
| 260 |
_aBarcelona, Esp. : _bJuventud, _c2006. |
||
| 300 |
_a[26] p. : _bil. col. |
||
| 534 |
_pTítulo original: _tThe dancing tiger |
||
| 650 | 7 |
_aAnimales de la selva _vLiteratura infantil _2 _921432 |
|
| 650 | 4 |
_aImaginación en niños _912146 |
|
| 650 | 0 |
_aAnimales _vCuentos y leyendas _9234 |
|
| 905 | _aInfantil | ||
| 999 |
_c174167 _d174167 |
||